000 00460nam a22001697a 4500
003 OSt
008 241023b |||||||| |||| 00| 0 eng d
020 _a9789810879570
082 _a745.4 JUS
100 _aJULIAN, Fernando and ALBARRACIN, Jesus
245 _aSketching & Rendering: Techniques for Product Designers
250 _aReprint
260 _aSingapore,
_bBasheer Graphic Books,
_c2013,
300 _a191 p.
650 _aB.FAD.
942 _2ddc
_cREF
999 _c12955
_d12955